| 000 | 00767nam a2200181 a 4500 | ||
|---|---|---|---|
| 008 | 090318s1996 ||||||||||||||||| || u | ||
| 020 | _a1853393290 | ||
| 050 | _aTH 7413 Roz | ||
| 100 | _aRozis, Jean-Francois | ||
| 245 | 1 | 0 |
_aSolar heating in cold regions: a technical guide to developning country applications. _cJean-Francois Rozis and Alain Guinebault, illustrated by Vahram Varjabedian |
| 260 |
_aLondon _bINTERMEDIATE TECHNOLOGY _c1996 |
||
| 300 | _aviii, 167p.: ill. | ||
| 350 | _a0.00 | ||
| 650 | _aSOLAR HEATING--COLD REGIONS | ||
| 650 | _aBUILDING | ||
| 700 | _aGuinebault, Allan | ||
| 995 |
_D0.00 _FCBU-MAIN LIBRARY (Kitwe) _H1 _I0.00 _M1 _UAVAILABLE _WApr 23, 2009 _ZMain Library Open Access Collection |
||
| 999 |
_c57869 _d57869 |
||